000 00535nam a2200205Ia 4500
005 20260429112159.0
008 260429s9999||||xx |||||||||||||| ||und||
020 _a9789386221599
041 _aEnglish
082 _a330.167
_bPAN
100 _aPandey, Adya Prasad
245 0 _aEconomics of Indian toy industry /
_cAdya Prasad Pandey
250 _a1st ed.
260 _aNew Delhi :
_bManakin Press,
_c2016.
300 _axiii, 198 p.; hb
650 _a India
650 _a Toy Industry
650 _aEconomics
942 _cTB
999 _c52762
_d52762